Načítá se...

The press she could not whip emergency in India as reported by the foreign press

Podrobná bibliografie
Médium: Printed Book
Vydáno: Bombay: Popular prakashan; 1997.
LEADER 00464nam a22001097a 4500
082 |a 320.954  |b AMI/P 
245 |a The press she could not whip  |b emergency in India as reported by the foreign press  |c edited by Amiya Rao and BG Rao 
260 |a Bombay:  |b Popular prakashan;  |c 1997. 
300 |a 399p.: 
942 |2 ddc  |c BK 
999 |c 149229  |d 149229 
952 |0 0  |1 0  |4 0  |6 320_954000000000000_AMI_P  |7 0  |9 159431  |a MCJ  |b MCJ  |c ST1  |d 2011-11-03  |i C64  |l 0  |o 320.954 AMI/P  |p MCJC64  |r 2014-06-21  |w 2014-06-21  |y BK